书目信息 |
| 题名: |
感光材料应用基础
|
|
| 作者: | 马松年 编著 | |
| 分册: | ||
| 出版信息: | 沈阳 辽宁美术出版社 1995.7 |
|
| 页数: | 310页 | |
| 开本: | 32开 | |
| 丛书名: | ||
| 单 册: | ||
| 中图分类: | TB84 | |
| 科图分类: | ||
| 主题词: | 感光材料 | |
| 电子资源: | ||
| ISBN: | 7-5314-1250-0 | |
| 000 | 00560nam0 2200193 45 | |
| 001 | 0012260872 | |
| 005 | 20031219104048.3 | |
| 010 | @a7-5314-1250-0@dCNY22.60 | |
| 100 | @a20001226d1995 km y0chiy0120 ea | |
| 101 | 0 | @achi |
| 105 | @a z 000yy | |
| 200 | 1 | @a感光材料应用基础@AGan Guang Cai Liao Ying Yong Ji Chu@f马松年编著@FMa Song Nian Bian Zhu |
| 210 | @a沈阳@c辽宁美术出版社@d1995.7 | |
| 215 | @a310页@c附彩图@d32开 | |
| 606 | 0 | @a感光材料 |
| 690 | @aTB84@v1 | |
| 701 | 0 | @a马松年@4编著 |
| 801 | @aCN@bTSTC@c20001226 | |
| 905 | @b294358-364@dTB84@e61@f7 | |
| 感光材料应用基础/马松年编著.-沈阳:辽宁美术出版社,1995.7 |
| 310页:附彩图;32开 |
| ISBN 7-5314-1250-0:CNY22.60 |
| ● |
| 相关链接 |
|
|
|
|
正题名:感光材料应用基础
索取号:TB84/61
 
预约/预借
| 序号 | 登录号 | 条形码 | 馆藏地/架位号 | 状态 | 备注 |
| 1 | 0294358 | 002943587 | 密集书库/ [索取号:TB84/61] | 在馆 | |
| 2 | 0294359 | 002943596 | 密集书库/ [索取号:TB84/61] | 在馆 | |
| 3 | 0294360 | 002943603 | 第三借阅区/ [索取号:TB84/61] | 在馆 | |
| 4 | 0294361 | 002943612 | 第三借阅区/ [索取号:TB84/61] | 在馆 | |
| 5 | 0294362 | 002943621 | 密集书库/ [索取号:TB84/61] | 在馆 | |
| 6 | 0294363 | 002943630 | 密集书库/ [索取号:TB84/61] | 在馆 | |
| 7 | 0294364 | 002943649 | 第二样本阅览室/ [索取号:TB84/61] | 在馆 |